000 00590nam a22002177a 4500
003 UA-OsUOA
001 117332
007 ta
008 20160523b un ||||| |||| 00| 0 ukr d
100 _aЛюбка А.
090 _a94(477)
_bЛ93
942 _cSA
040 _aUA-OsUOA
_bukr
_cUA-OsUOA
_dUA-OsUOA
245 _aКраїна, в якій починаються і не закінчуються Балкани
300 _aС.15
955 _a0
041 _aukr
080 _a94(477)
773 0 _w117329
650 7 _a9 Географія. Біографії. Історія
_2UDC
999 _c403368
_d403368